Riconosci la Squadra di calcio - Quiz n°104 - Statistics

Statistiche generali
  • Questo quiz è stato fatto 7 volte
  • Il punteggio medio è 4 su 9
Statistiche sulle risposte
Indizio Risposta % Corretto
Colori sociali Bianco, blu
100%
Divisione nazionale 2023-2024 Terza
100%
Titoli nazionali 3 Football League One
67%
Trofei nazionali 1 Coppa d'Inghilterra
50%
Confederazione UEFA
33%
Trofei internazionali 0
0%
Fondazione 1932
0%
Capienza Stadio 25 138 posti
0%
Squadra Wigan
0%
Nessun quiz corrispondente trovato
Distribuzione punteggi
Percentuale di utenti per punteggio
Percentile per numero di risposta
I tuoi punteggi nel tempo
Non hai fatto questo quiz